South Eastern Kenya University

Library Online Public Access Catalogue


Anatomy and physiology of farm animals / (Record no. 18611)

MARC details
000 -LEADER
fixed length control field 02040cam a2200361 i 4500
001 - CONTROL NUMBER
control field 20363971
003 - CONTROL NUMBER IDENTIFIER
control field OSt
005 - DATE AND TIME OF LATEST TRANSACTION
control field 20250909092115.0
008 - FIXED-LENGTH DATA ELEMENTS--GENERAL INFORMATION
fixed length control field 180215t20182018njua b 001 0 eng
010 ## - LIBRARY OF CONGRESS CONTROL NUMBER
LC control number 2018007224
020 ## - INTERNATIONAL STANDARD BOOK NUMBER
International Standard Book Number 9781119239710
Qualifying information hardback
035 ## - SYSTEM CONTROL NUMBER
System control number 20363971
035 ## - SYSTEM CONTROL NUMBER
System control number (DNLM)101721292
040 ## - CATALOGING SOURCE
Original cataloging agency SEKU
050 00 - LIBRARY OF CONGRESS CALL NUMBER
Classification number SF761
Item number .F24 2018
100 1# - MAIN ENTRY--PERSONAL NAME
Personal name Fails, Anna Dee,
Relator term author.
245 10 - TITLE STATEMENT
Title Anatomy and physiology of farm animals /
Statement of responsibility, etc. Anna Dee Fails, DVM, PhD, Assistant Professor, Department of Biomedical Sciences, College of Veterinary Medicine and Biomedical Sciences, Colorado State University, Fort Collins, Colorado, USA, Christianne Magee, DVM, PhD, Dip ACT, Assistant Professor, Department of Biomedical Sciences, Animal Reproduction and Biotechnology Laboratory, College of Veterinary Medicine and Biomedical Sciences, Colorado State University, Fort Collins, Colorado, USA.
250 ## - EDITION STATEMENT
Edition statement Eighth edition.
264 #1 - PRODUCTION, PUBLICATION, DISTRIBUTION, MANUFACTURE, AND COPYRIGHT NOTICE
Place of production, publication, distribution, manufacture Hoboken, NJ :
Name of producer, publisher, distributor, manufacturer Wiley Blackwell,
Date of production, publication, distribution, manufacture, or copyright notice 2018.
300 ## - PHYSICAL DESCRIPTION
Extent xiii, 578 pages :
Other physical details illustrations (chiefly color) ;
Dimensions 26 cm
336 ## - CONTENT TYPE
Content type term text
Source rdacontent
337 ## - MEDIA TYPE
Media type term unmediated
Source rdamedia
338 ## - CARRIER TYPE
Carrier type term volume
Source rdacarrier
500 ## - GENERAL NOTE
General note Preceded by Anatomy and physiology of farm animals / Rowen D. Frandson, W. Lee Wilke, Anna Dee Fails, 7th ed. 2009.
504 ## - BIBLIOGRAPHY, ETC. NOTE
Bibliography, etc Includes bibliographical references (pages 545-546) and index.
520 ## - SUMMARY, ETC.
Summary, etc. "Revised and updated, the eighth edition of Anatomy and Physiology of Farm Animals remains the essential resource for detailed information on farm animal anatomy and physiology"--
Assigning source Provided by publisher.
650 12 - SUBJECT ADDED ENTRY--TOPICAL TERM
Topical term or geographic name as entry element Anatomy, Veterinary
650 22 - SUBJECT ADDED ENTRY--TOPICAL TERM
Topical term or geographic name as entry element Animals, Domestic
General subdivision physiology
700 1# - ADDED ENTRY--PERSONAL NAME
Personal name Magee, Christianne,
Relator term author.
700 1# - ADDED ENTRY--PERSONAL NAME
Personal name Frandson, R. D.
Title of a work Anatomy and physiology of farm animals.
Relationship information Preceded by (work):
776 08 - ADDITIONAL PHYSICAL FORM ENTRY
Relationship information Online version:
Main entry heading Fails, Anna Dee, author.
Title Anatomy and physiology of farm animals
Edition Eighth edition.
Place, publisher, and date of publication Hoboken, NJ : John Wiley & Sons, Inc., 2018
International Standard Book Number 9781119239734
Record control number (DLC) 2018009194
942 ## - ADDED ENTRY ELEMENTS (KOHA)
Source of classification or shelving scheme Library of Congress Classification
Koha item type General circulation
Holdings
Withdrawn status Lost status Source of classification or shelving scheme Damaged status Not for loan Home library Current library Date acquired Source of acquisition Total Checkouts Full call number Barcode Date last seen Price effective from Koha item type
    Library of Congress Classification     Kitui Town Campus Library Kitui Town Campus Library 09/09/2025 Purchase   SF761 .F24 2018 2025/028724 09/09/2025 09/09/2025 General circulation
Kitui, Kenya.
+254736116989
library@seku.ac.ke